AEW All In 2023 Card - Statistics

General Stats
  • This quiz has been taken 72 times
  • The average score is 36 of 44
Answer Stats
Answer % Correct
Adam Cole
100%
MJF
100%
Samoa Joe
98%
CM Punk
96%
Darby Allin
94%
Jack Perry
94%
Matt Jackson
94%
Nick Jackson
94%
Chris Jericho
92%
Jon Moxley
92%
Malakai Black
92%
Wheeler Yuta
92%
Billy Gunn
90%
Sting
90%
Brody King
88%
Christian Cage
88%
Claudio Castagnoli
88%
Kenny Omega
88%
Toni Storm
88%
Anthony Bowens
86%
Buddy Matthews
86%
Max Caster
86%
Saraya
86%
Will Ospreay
86%
Britt Baker
84%
Cash Wheeler
84%
Dax Harwood
84%
Hook
84%
Swerve Strickland
84%
Kyle Fletcher
82%
Adam Page
80%
Orange Cassidy
80%
Eddie Kingston
76%
Hikaru Shida
71%
Konosuke Takeshita
71%
Kota Ibushi
67%
Jay White
65%
Juice Robinson
63%
Mark Davis
63%
Ortiz
61%
Penta El Zero Miedo
61%
Trent Beretta
61%
Chuck Taylor
59%
Mike Santana
59%
No matching quizzes found
Score Distribution
Percent of People with Each Score
Percentile by Number Answered
Your Score History
You have not taken this quiz